000 00480nam a22001817a 4500
005 20150915124050.0
010 _aENG-113937
020 _c350.00
_a9789350450581
035 _aEN-97469
037 _bDBAD/PUB
_adpl
082 _aN
100 _aHariharan, Sivaram
245 _aRumble /
_cby Sivaram Hariharan
260 _aCalcutta
_bWriters Workshop
_c2013
270 _a162/92, Lake Gardens,
_bCalcutta
_e700045
300 _a260p.
_c22cm(Hb)
942 _2ddc
_cEN
_mHAR
_hN
999 _c96505
_d96505